Statystyki dla Podaj tytuły piosenek Taylor Swift z płyty Fearless

Kliknij tutaj aby rozwiązać quiz!

Ogólne statystyki

  • Ten quiz został rozwiązany 7 razy
  • Średni wynik to 9 z 26

Statystyki odpowiedzi

HintOdpowiedź% Poprawnych
1.Fearless
100%
3.Love Story
71%
6.You Belong with Me
71%
11.Forever & Always
57%
4.Hey Stephen
57%
22.Mr. Perfectly Fine
57%
5.White Horse
57%
7,Breathe
43%
13.Change
43%
2.Fifteen
43%
14.Jump Then Fall
43%
10.The Way I Loved You
43%
9.You're Not Sorry
43%
25.Don't You
29%
18.Superstar
29%
8.Tell Me Why
29%
24.That's When
29%
12.The Best Day
29%
26.Bye Bye Baby
14%
17.Come in with the Rain
14%
15.Untouchable
14%
21.You All Over Me
14%
16.Forever & Always (Piano Version)
0%
19.The Other Side of the Door
0%
20.Today Was a Fairytale
0%
23.We Were Happy
0%

Rozkład punktacji

Percentyl według liczby udzielonych odpowiedzi

Procent ludzi z każdym wynikiem

Twoja historia wyników

Nie rozwiązałeś tego quizu